Oceania countries and Territories in 90 seconds - Statistics

General Stats
  • This quiz has been taken 721 times
    713 since last reset
  • The average score is 16 of 23
Answer Stats
Answer % Correct
Australia
82%
Tuvalu
82%
New Zealand
81%
Fiji
80%
Tonga
80%
American Samoa
79%
Palau
79%
Samoa
79%
Vanuatu
79%
Marshall Islands
78%
Micronesia
77%
Nauru
77%
Solomon Islands
75%
Papua New Guinea
74%
Kiribati
73%
Guam
59%
French Polynesia
58%
Niue
58%
Cook Islands
55%
New Caledonia
52%
Northern Mariana Islands
49%
Wallis and Futuna
40%
Tokelau
39%
No matching quizzes found
Score Distribution
Percent of People with Each Score
Percentile by Number Answered
Your Score History
You have not taken this quiz since the last reset